| 000 | 01179cab a2200229 4500 | ||
|---|---|---|---|
| 001 | ABS67431 | ||
| 008 | 040205n2004 000 0 eng u | ||
| 035 | _a(Sirsi) u125064 | ||
| 100 | _aFidderman, H | ||
| 245 | _aHealth and safety; the state of play | ||
| 260 | _c2004 | ||
| 490 |
_aHealth and Safety Bulletin _v(325) January/February 2004, 18-26 (9) |
||
| 520 | _aCompiled by the "Health and Safety Bulletin" in what it calls its state of play table, this article reviews all the activities and developments effecting both Health and Safety Commission and Health and Safety Executive over the period 14 June to 10 December 2003. Subject areas covered include: accidents, asbestos, contractors, fire and insurance. The table also gives details of the latest position with regard to legislative proposals and gives readers advance notice of important developments in health and safety. | ||
| 590 | _aABS | ||
| 650 | _aACCIDENTS | ||
| 650 | _aMANAGEMENT-HEALTH AND SAFETY-HAZARDOUS SUBSTANCES-ASBESTOS | ||
| 650 | _aHEALTH AND SAFETY COMMISSION | ||
| 650 | _aHEALTH AND SAFETY EXECUTIVE | ||
| 650 | _aLEGISLATION | ||
| 690 |
_aHEALTH AND SAFETY _96244 |
||
| 942 | _n0 | ||
| 999 |
_c74132 _d74132 |
||